مكتبة جامعة عجلون الوطنية

فهرس بحث المكتبة

Normal view MARC view
  • الاحداث-قانون

Entry Topical Term

Number of records used in: 1

001 - CONTROL NUMBER

  • control field: 64456

003 - CONTROL NUMBER IDENTIFIER

  • control field: JO-AjAnu

005 - DATE AND TIME OF LATEST TRANSACTION

  • control field: 20230606084524.0

008 - FIXED-LENGTH DATA ELEMENTS

  • fixed length control field: 230606|| aca||aabn | a|a d

040 ## - CATALOGING SOURCE

  • Original cataloging agency: JO-AjAnu
  • Transcribing agency: JO-AjAnu

150 ## - HEADING--TOPICAL TERM

  • Topical term or geographic name entry element: الاحداث-قانون

670 ## - SOURCE DATA FOUND

  • Source citation: Work cat.: (JO-AjAnu)32943: إمام، هالة محمد, author 64455, الجوانب الموضوعية والإجرائية للمسئولية الجنائية للاطفال: دراسة مقارنة